| 000 | 00399 a2200133 4500 | ||
|---|---|---|---|
| 005 | 20250623084515.0 | ||
| 020 | _a0-340-65839-8 | ||
| 082 | _a338.4'791'068EDM | ||
| 100 | _aCondell. S | ||
| 245 | _aBusiness Systems For Leisure And Tourism | ||
| 260 |
_aBritish _bBritish Library Cataloguing -In- Publication Data, _c1997. |
||
| 300 |
_aix,; 49p, ill, figure _bGrossary, Index _c27cm |
||
| 942 |
_2ddc _cBKS |
||
| 999 |
_c4623 _d4623 |
||